000 00512nam a2200217Ia 4500
001 1057
003 GE_BSU
008 181216s||||||||xx |||||||||||||| ||und||
040 _cGE_BSU
080 _a58(072)
100 _aСкворцов,А.К.
245 _aГербарий
245 _bПособие по методике и технике
260 _aМосква
260 _bНаука
260 _c1977
300 _a200стр.
541 _h6л.
653 _aГербарии
942 _cBK
999 _c35211
_d35211